Countries by Tripoint - Statistics

General Stats
  • This quiz has been taken 11 times
  • The average score is 6 of 16
Answer Stats
Tripoint Name Countries % Correct
Jongsong Peak China | India | Nepal
100%
Treriksröset Finland | Norway | Sweden
100%
Al-Tanf Iraq | Jordan | Syria
100%
Golan Heights Israel | Syria | (Lebanon) | (Jordan)
100%
Khan Tengri Kazakhstan | Kyrgyzstan | China
100%
Lake Victoria Kenya | Tanzania | Uganda
100%
Naafkopf Austria | Liechtenstein | Switzerland
75%
Zelena Glava Bosnia and Herzegovina | Croatia | Serbia
75%
Senkivka Belarus | Russia | Ukraine
67%
Vaalserberg Belgium | Germany | Netherlands
67%
Golden Triangle Laos | Myanmar | Thailand
60%
Lake Tanganyika Democratic Republic of the Congo | Tanzania | (Burundi) | (Zambia)
50%
Llemi Triangle Ethiopia | Kenya | South Africa
50%
Lake Malawi Malawi | Mozambique | Tanzania
50%
Siachen Glacier China | India | Pakistan
40%
Lake Contance Austria | Germany | Switzerland
33%
Lake Prespa Albania | Greece | North Macedonia
20%
Mont Dolent France | Italy | Switzerland
20%
Hito Esmeralda Argentina | Bolivia | Paraguay
17%
Tromedga Albania | Kosovo | Montenegro
0%
Zapaleri Argentina | Bolivia | Chile
0%
Triple Frontier Argentina | Brazil | Paraguay
0%
Tin Mukh Bangladesh | India | Myanmar
0%
Visviri Bolivia | Chile | Peru
0%
Union's End Botswana | Namibia | South Africa
0%
Tumba Peak Bulgaria | Greece | North Macedonia
0%
Emerald Triange Cambodia | Laos | Thailand
0%
Mount Sabyinyo Democratic Republic of the Congo | Rwanda | Uganda
0%
Cerro de Montecristo El Salvador | Guatemala | Hondurus
0%
Mandera Triangle Ethiopia | Kenya | Somalia
0%
Garbolc Hungary | Romania | Ukraine
0%
No matching quizzes found
Score Distribution
Percent of People with Each Score
Percentile by Number Answered
Your Score History
You have not taken this quiz